How to set up and maintain a World Wide Web site : the guide for information providers / (Record no. 62066)

000 -LEADER
fixed length control field 01089cam a2200277 a 4500
001 - CONTROL NUMBER
control field 4925439
003 - CONTROL NUMBER IDENTIFIER
control field NUST-PNEC
005 - DATE AND TIME OF LATEST TRANSACTION
control field 20170116180738.0
008 - FIXED-LENGTH DATA ELEMENTS--GENERAL INFORMATION
fixed length control field 950623s1995 maua 001 0 eng
010 ## - LIBRARY OF CONGRESS CONTROL NUMBER
LC control number 95024492
020 ## - INTERNATIONAL STANDARD BOOK NUMBER
International Standard Book Number 0201633892
040 ## - CATALOGING SOURCE
Original cataloging agency DLC
Transcribing agency PNEC
Modifying agency DLC
050 00 - LIBRARY OF CONGRESS CALL NUMBER
Classification number TK5105.888
Item number .S74 1995
082 00 - DEWEY DECIMAL CLASSIFICATION NUMBER
Classification number 005.75 STE
Edition number 20
100 1# - MAIN ENTRY--PERSONAL NAME
Personal name Stein, Lincoln D.,
Dates associated with a name 1960-
245 10 - TITLE STATEMENT
Title How to set up and maintain a World Wide Web site : the guide for information providers /
Statement of responsibility, etc. Lincoln D. Stein.
260 ## - PUBLICATION, DISTRIBUTION, ETC.
Place of publication, distribution, etc. Reading, Mass. :
Name of publisher, distributor, etc. Addison-Wesley Pub. Co.,
Date of publication, distribution, etc. c1995.
300 ## - PHYSICAL DESCRIPTION
Extent xv, 469 p. :
Other physical details ill. ;
Dimensions 24 cm.
500 ## - GENERAL NOTE
General note Includes index.
650 #0 - SUBJECT ADDED ENTRY--TOPICAL TERM
Topical term or geographic name entry element Web sites.
650 #0 - SUBJECT ADDED ENTRY--TOPICAL TERM
Topical term or geographic name entry element Web servers.
General subdivision Computer, MIS
856 ## - ELECTRONIC LOCATION AND ACCESS
Uniform Resource Identifier <a href="http://www.amazon.com/How-Maintain-World-Wide-Site/dp/0201633892/ref=sr_1_1?s=books&ie=UTF8&qid=1418067149&sr=1-1&keywords=0201633892">http://www.amazon.com/How-Maintain-World-Wide-Site/dp/0201633892/ref=sr_1_1?s=books&ie=UTF8&qid=1418067149&sr=1-1&keywords=0201633892</a>
906 ## - LOCAL DATA ELEMENT F, LDF (RLIN)
a 7
b cbc
c orignew
d 1
e ocip
f 19
g y-gencatlg
942 ## - ADDED ENTRY ELEMENTS (KOHA)
Source of classification or shelving scheme
Koha item type Book
Holdings
Withdrawn status Lost status Source of classification or shelving scheme Damaged status Not for loan Permanent Location Current Location Shelving location Date acquired Source of acquisition Cost, normal purchase price Total Checkouts Full call number Barcode Date last seen Cost, replacement price Price effective from Koha item type
          Pakistan Navy Engineering College (PNEC) Pakistan Navy Engineering College (PNEC)   08/27/1997 Library / Reference Grant 1472.00   005.75 STE PNECLIB-019448 12/09/2014 1472.00 08/27/1997 Book
© 2023 Central Library, National University of Sciences and Technology. All Rights Reserved.